Statystyki dla Państwa I wojny światowej

Kliknij tutaj aby rozwiązać quiz!

Ogólne statystyki

  • Ten quiz został rozwiązany 98 razy
  • Średni wynik to 15 z 21

Statystyki odpowiedzi

ZgonyKraj% Poprawnych
2,254,369Rosja
100%
2,037,000Niemcy
98%
1,397,800Francja
97%
116,708Stany Zjednoczone
96%
960,036Wielka Brytania
95%
651,000Włochy
86%
1,494,200Austro-Węgry
82%
4,661Japonia
82%
64,997Kanada
82%
450,000Serbia
81%
87,500Bułgaria
73%
62,081Australia
72%
58,637Belgia
71%
335,706Rumunia
69%
771,844Imperium Osmańskie
65%
26,000Grecja
61%
7,222Portugalia
59%
18,053Nowa Zelandia
52%
9,592Republika Południowej Afryki
41%
13,325Czarnogóra
39%
1,570Nowa Fundlandia
17%

Rozkład punktacji

Percentyl według liczby udzielonych odpowiedzi

Procent ludzi z każdym wynikiem

Twoja historia wyników

Nie rozwiązałeś tego quizu